| 000 -LEADER |
| fixed length control field |
00642cam a2200205 a 4500 |
| 020 ## - INTERNATIONAL STANDARD BOOK NUMBER |
| ISBN |
0874847028 (pbk.) |
| 040 ## - CATALOGING SOURCE |
| Transcribing agency |
DLC |
| 082 00 - DEWEY DECIMAL CLASSIFICATION NUMBER |
| Classification number |
791 MAY 1987 A086 Or. |
| 100 1# - MAIN ENTRY--AUTHOR NAME |
| Personal name |
Bohn, Thomas W. |
| 245 10 - TITLE STATEMENT |
| Title |
Light and shadows : |
| Remainder of title |
a history of motion pictures / |
| 250 ## - EDITION STATEMENT |
| Edition statement |
3rd ed. |
| 260 ## - PUBLICATION, DISTRIBUTION, ETC. (IMPRINT) |
| Place of publication |
Palo Alto, Calif. : |
| Name of publisher |
Mayfield Pub. Co., |
| Year of publication |
1987. |
| 300 ## - PHYSICAL DESCRIPTION |
| Number of Pages |
xlv, 427 p. : |
| Other physical details |
ill. ; |
| Dimensions |
27 cm. |
| 500 ## - GENERAL NOTE |
| General note |
Includes index. |
| 650 #0 - SUBJECT ADDED ENTRY--TOPICAL TERM |
| Topical Term |
Motion pictures |
| 700 1# - ADDED ENTRY--PERSONAL NAME |
| Personal name |
Stromgren, Richard L., |
| 856 42 - ELECTRONIC LOCATION AND ACCESS |
| Uniform Resource Identifier |
http://www.loc.gov/catdir/description/mh024/86061131.html |
| 856 41 - ELECTRONIC LOCATION AND ACCESS |
| Uniform Resource Identifier |
http://www.loc.gov/catdir/toc/mh023/86061131.html |
| 942 ## - ADDED ENTRY ELEMENTS (KOHA) |
| Koha item type |
សៀវភៅភាសាអង់គ្លេស |
| 952 ## - LOCATION AND ITEM INFORMATION (KOHA) |
| Withdrawn status [LOCAL, KOHA] |
0 |